Statistics for Tennis Terms

Click here to take the quiz!

General Stats

  • This quiz has been taken 24 times
  • The average score is 9 of 12

Answer Stats

HintAnswer% Correct
When the two teams are tied at 40-40Deuce
100%
A "perfect" serveAce
95%
First point made after a 40-40 tieAdvantage
95%
ZeroLove
95%
The failure of not one, but both serve attemptsDouble Fault
90%
A series of successful hits between playersRally
81%
Type of shot taken at the net, taken before the ball bouncesVolley
76%
A high ball return, usually over a player's headLob
67%
The very back line of the court, parallel with the netBaseline
62%
A ball that softly lands just over the netDrop Shot
52%
A point that gets restarted due to a court interferenceLet
33%
Type of shot taken after the ball bounces onceGround Stroke
29%

Score Distribution

Percentile by Number Answered

Percent of People with Each Score

Your Score History

You have not taken this quiz